Prezentácia výsledkov personalizovaného odporúčania

Gespeichert in:
Bibliographische Detailangaben
1. Verfasser: Beňovic, Ivan (Verfasst von)
Weitere Verfasser: Kompan, Michal (Betreuung Doktorarbeit)
Format: Manuskript Buch
Sprache:Slowakisch
Veröffentlicht: 2017
Schlagworte:
Online-Zugang:http://is.stuba.sk/zp/portal_zp.pl?podrobnosti=126886
Tags: Tag hinzufügen
Keine Tags, Fügen Sie das erste Tag hinzu!

MARC

LEADER 00000ntm a22000003a 4500
001 stuzp64574
003 SK-STU
005 20170624213606.2
007 ta
008 150427s2015----xo-----f-mn---000-0-slo-d
040 |a STU  |b slo 
041 0 |a slo 
100 1 |a Beňovic, Ivan  |u 070200  |4 aut  |U FIIT Fakulta informatiky a informačných technológií  |T FIIT Ústav informatiky, informačných systémov a softvérového inžinierstva  |X 46053  |U I200  |Y 179  |7 46053 
242 0 1 |a Presentation of personalized recommendations  |y eng 
245 1 0 |a Prezentácia výsledkov personalizovaného odporúčania 
260 |c 2017 
650 4 |a personalizované odporúčanie  |2 slo 
650 4 |a vysvetľovanie  |2 slo 
650 4 |a spracovanie prirodzeného jazyka  |2 slo 
650 4 |a personalized recommendation  |2 eng 
650 4 |a explanation of recommendations  |2 eng 
650 4 |a natural language processing  |2 eng 
700 1 |a Kompan, Michal  |u 070200  |k Z1  |4 ths  |U FIIT Fakulta informatiky a informačných technológií  |T FIIT Ústav informatiky, informačných systémov a softvérového inžinierstva  |X 29626  |U I200  |Y 179  |7 29626 
856 4 |u http://is.stuba.sk/zp/portal_zp.pl?podrobnosti=126886 
996 |b 11158  |c I* DP69/17  |l II680  |s P  |a 0  |w stuzp64574_0001